[Event "Memorial Gashimov"]
[Site "Shamkir"]
[Date "02.06.2016"]
[Round "7"]
[White "Eljanov, Pavel"]
[Black "Hou, Yifan"]
[Result "1-0"]
[WhiteTitle "GM"]
[BlackTitle "GM"]
[WhiteElo "2765"]
[BlackElo "2663"]
[WhiteFideId "14102951"]
[BlackFideId "8602980"]
[EventDate "2016.05.26"]

1. d4 Nf6 2. Nf3 d5 3. Bf4 e6 4. e3 c5 5. c3 Nc6 6. Nbd2 Bd6 7. Bg3 O-O 8. Bb5
a5 9. a4 Ne7 10. Qe2 Nf5 11. Bd3 Be7 12. Be5 b6 13. Bxf6 Bxf6 14. g4 Nd6 15. h4
Be7 16. g5 Bb7 17. Ne5 Qe8 18. Rg1 f5 19. gxf6 Bxf6 20. Qg4 Ba6 21. Bc2 Ra7 22.
Ndf3 Bxe5 23. dxe5 Nf5 24. Ng5 h6 25. Nh3 d4 26. e4 d3 27. Bb3 c4 28. Bd1 Qb8
29. exf5 Qxe5+ 30. Kd2 Rxf5 31. f4 Qf6 32. Bf3 Bb7 33. Bxb7 Rxb7 34. Qf3 Rf7 35.
h5 Qh4 36. Rg4 Qxh5 37. Rag1 Rd5 38. Nf2 Qf5 39. Ne4 Rdd7 40. Qe3 b5 41. Nc5
Rde7 42. Qe5 bxa4 43. Ke3 Kh7 44. Rh4 Qxe5+ 45. fxe5 Rf5 46. Rxc4 Rxe5+ 47. Ne4
g5 48. Rxa4 Kg6 49. Kxd3 Rf7 50. Nd2 h5 51. Re4 Rxe4 52. Nxe4 g4 53. c4 Rf3+ 54.
Kd4 Kf5 55. Ng3+ Rxg3 56. Rxg3 h4 57. Rg1 g3 58. Ke3 Kg4 59. Rd1 e5 60. c5 1-0

[Event "Memorial Gashimov"]
[Site "Shamkir"]
[Date "03.06.2016"]
[Round "8"]
[White "Radjabov, Teimour"]
[Black "Harikrishna, Pentala"]
[Result "1/2-1/2"]
[WhiteTitle "GM"]
[BlackTitle "GM"]
[WhiteElo "2726"]
[BlackElo "2763"]
[WhiteFideId "13400924"]
[BlackFideId "5007003"]
[EventDate "2016.05.26"]

1. d4 Nf6 2. c4 e6 3. Nf3 b6 4. g3 Ba6 5. Qc2 Bb7 6. Bg2 c5 7. d5 exd5 8. cxd5
Nxd5 9. O-O Nc6 10. Rd1 Be7 11. Qa4 Nf6 12. Nh4 O-O 13. Nf5 d5 14. Nc3 Nd4 15.
Nxd4 cxd4 16. Qxd4 Bc5 17. Qh4 Ne4 18. Qxd8 Raxd8 19. Bxe4 dxe4 20. Be3 Bxe3 21.
fxe3 Rxd1+ 22. Rxd1 Bc6 23. Nd5 Bxd5 24. Rxd5 Rc8 25. Rd7 h5 26. Rxa7 Rc2 27.
Kf2 Rxb2 28. a4 g6 29. a5 bxa5 30. Rxa5 f5 31. h4 Kg7 32. Ra7+ Kf6 33. Ra6+ Kf7
34. Ra7+ Kf6 35. Ra6+ Kf7 36. Ra7+ 1/2-1/2

[Event "Memorial Gashimov"]
[Site "Shamkir"]
[Date "03.06.2016"]
[Round "8"]
[White "Giri, Anish"]
[Black "Hou, Yifan"]
[Result "1/2-1/2"]
[WhiteTitle "GM"]
[BlackTitle "GM"]
[WhiteElo "2790"]
[BlackElo "2663"]
[WhiteFideId "24116068"]
[BlackFideId "8602980"]
[EventDate "2016.05.26"]

1. d4 Nf6 2. c4 e6 3. Nf3 d5 4. Nc3 Bb4 5. Bg5 h6 6. Bxf6 Qxf6 7. Qb3 c5 8. cxd5
exd5 9. a3 Bxc3+ 10. Qxc3 Nd7 11. g3 O-O 12. Bg2 Re8 13. e3 b6 14. O-O Bb7 15.
Rfc1 a5 16. dxc5 Qxc3 17. Rxc3 Nxc5 18. Rac1 Kf8 19. Nd4 Rad8 20. Bf1 Re7 21.
Bb5 g6 22. b4 axb4 23. axb4 Ne4 24. Rc7 Nd6 25. Rxe7 Kxe7 26. Rc7+ Kf8 27. Bd3
Rb8 28. g4 Ke8 29. Bb5+ Kf8 30. Bd7 Bc8 31. h3 Bxd7 32. Rxd7 Ne4 33. Nc6 Ra8 34.
Ne5 Ra1+ 35. Kg2 Ra2 36. Rxf7+ Kg8 37. h4 Rb2 38. Rf4 Kg7 39. Nc6 b5 40. Nd8
Rxb4 41. Ne6+ Kg8 42. Rf8+ Kh7 43. Rf7+ Kh8 44. Rf8+ Kh7 45. Rf7+ Kh8 46. f3
Rb2+ 47. Kh3 Re2 48. Rf8+ Kh7 49. Rf7+ Kh8 50. Rf8+ Kh7 51. fxe4 Rxe3+ 52. Kh2
Rxe4 53. Rf7+ Kh8 54. Rf8+ Kh7 55. Rf7+ Kh8 56. Nc7 Kg8 57. Rd7 Rxg4 58. Kh3 Rc4
59. Nxd5 Kf8 60. Nf6 Rc6 61. Ng4 Rb6 62. Nxh6 b4 63. Rf7+ Ke8 64. Rf2 b3 65. Rb2
Ke7 66. Ng4 Ke6 67. Re2+ Kf7 68. Rb2 Ke6 69. Kg3 Rb5 70. Nf2 Kf6 71. Ne4+ Kg7
72. Ng5 Kh6 73. Nf3 Rb4 74. Kf2 Kh5 75. Ke3 Rb8 76. Ke4 Rb4+ 77. Kd5 Kg4 78.
Ne5+ Kh5 79. Nf3 Kg4 80. Kc5 Rb8 81. Ne5+ Kh5 82. Nc6 Rb7 83. Na5 Rb8 84. Nc6
Rb7 85. Ne5 Rb8 86. Kc4 Rc8+ 87. Kd4 Rb8 88. Kc3 Rb5 89. Nf3 Rb8 90. Nd4 Kxh4
91. Nxb3 g5 92. Rh2+ Kg3 93. Rh7 g4 94. Nd2 Rg8 95. Kd3 Kg2 96. Nc4 Rf8 97. Nd2
g3 98. Rg7 Ra8 99. Ke3 Ra3+ 100. Kf4 Kg1 101. Nc4 g2 102. Nxa3 Kf2 103. Rxg2+
Kxg2 1/2-1/2

[Event "Memorial Gashimov"]
[Site "Shamkir"]
[Date "03.06.2016"]
[Round "8"]
[White "Safarli, Eltaj"]
[Black "Karjakin, Sergey"]
[Result "1/2-1/2"]
[WhiteTitle "GM"]
[BlackTitle "GM"]
[WhiteElo "2664"]
[BlackElo "2779"]
[WhiteFideId "13402129"]
[BlackFideId "14109603"]
[EventDate "2016.05.26"]

1. c4 c6 2. e4 d5 3. exd5 cxd5 4. d4 Nf6 5. Nc3 Nc6 6. Bg5 Be6 7. Be2 Qa5 8. Bf3
dxc4 9. d5 O-O-O 10. Bd2 Nxd5 11. Nxd5 Rxd5 12. Bxd5 Qxd5 13. Nf3 Bf5 14. O-O e6
15. b3 Bd3 16. bxc4 Qf5 17. Re1 Bc5 18. Be3 Bb4 19. Bd2 Bc5 20. Be3 Bb4 21. Bd2
Bc5 22. Be3 1/2-1/2

[Event "Memorial Gashimov"]
[Site "Shamkir"]
[Date "03.06.2016"]
[Round "8"]
[White "Mamedov, Rauf"]
[Black "Eljanov, Pavel"]
[Result "1/2-1/2"]
[WhiteTitle "GM"]
[BlackTitle "GM"]
[WhiteElo "2655"]
[BlackElo "2765"]
[WhiteFideId "13401653"]
[BlackFideId "14102951"]
[EventDate "2016.05.26"]

1. e4 c6 2. Nc3 d5 3. Nf3 Bg4 4. h3 Bxf3 5. Qxf3 e6 6. d4 Nf6 7. Bd3 dxe4 8.
Nxe4 Qxd4 9. c3 Qd8 10. O-O Nxe4 11. Bxe4 Bd6 12. Rd1 Qc7 13. Qd3 Be5 14. Bxh7
Nd7 15. Be4 O-O-O 16. Qf3 Nf6 17. Bg5 Qa5 18. Bxf6 gxf6 19. Rxd8+ Rxd8 20. Qe2
Bc7 21. Bf3 f5 22. a4 Bb8 23. Kf1 a6 24. Qe3 Bc7 25. Qe2 Kb8 26. Bh5 Qc5 27. Rd1
Rxd1+ 28. Qxd1 Qc4+ 29. Be2 Qh4 30. Qd4 Qxd4 31. cxd4 Bb6 32. Bh5 Kc7 33. Bxf7
Kd6 34. Ke2 Bxd4 35. b3 b5 36. axb5 cxb5 37. g4 Ke7 38. Bg8 fxg4 39. hxg4 a5 40.
f4 a4 41. bxa4 bxa4 42. Bh7 a3 43. Bb1 e5 44. fxe5 1/2-1/2

[Event "Memorial Gashimov"]
[Site "Shamkir"]
[Date "04.06.2016"]
[Round "9"]
[White "Eljanov, Pavel"]
[Black "Radjabov, Teimour"]
[Result "1/2-1/2"]
[WhiteTitle "GM"]
[BlackTitle "GM"]
[WhiteElo "2765"]
[BlackElo "2726"]
[WhiteFideId "14102951"]
[BlackFideId "13400924"]
[EventDate "2016.05.26"]

1. d4 Nf6 2. Bf4 g6 3. Nc3 d5 4. e3 Bg7 5. Be2 c6 6. h4 h6 7. Nf3 Qa5 8. Qd2 Bg4
9. Ne5 Bxe2 10. Qxe2 Qa6 11. Qf3 Nbd7 12. a3 Nxe5 13. Bxe5 O-O 14. g4 Nd7 15.
Bxg7 Kxg7 16. h5 g5 17. e4 e6 18. Qe3 dxe4 19. Nxe4 Qa5+ 20. c3 Qc7 21. O-O-O
Nb6 22. Kb1 Nd5 23. Qd2 b5 24. Nc5 a5 25. Rhe1 Qf4 26. Qe2 Rad8 27. Nd3 Qd6 28.
Qd2 Rb8 29. Qc2 Rfd8 30. Nc5 Nf4 31. Qe4 Qd5 32. Nd3 Qxe4 33. Rxe4 Nxd3 34. Rxd3
a4 35. Kc2 Rd5 36. Re5 Rbd8 37. Rde3 R8d7 38. Kd3 Kf8 39. Ke4 Ke7 40. Kf3 R7d6
41. Ke2 Rd8 42. Kf3 R8d6 43. Ke2 Rd8 44. Kf3 R8d6 1/2-1/2

[Event "Memorial Gashimov"]
[Site "Shamkir"]
[Date "04.06.2016"]
[Round "9"]
[White "Harikrishna, Pentala"]
[Black "Safarli, Eltaj"]
[Result "0-1"]
[WhiteTitle "GM"]
[BlackTitle "GM"]
[WhiteElo "2763"]
[BlackElo "2664"]
[WhiteFideId "5007003"]
[BlackFideId "13402129"]
[EventDate "2016.05.26"]

1. d4 Nf6 2. c4 e6 3. Nf3 b6 4. g3 Ba6 5. Nbd2 Bb4 6. Qa4 c5 7. dxc5 Bxc5 8. Bg2
Bb7 9. b4 Be7 10. Bb2 O-O 11. O-O Nc6 12. a3 a6 13. Qc2 h6 14. Rad1 Qc7 15. Ne4
Nxe4 16. Qxe4 f5 17. Qe3 Rad8 18. Rd2 Bf6 19. Bxf6 Rxf6 20. c5 bxc5 21. Qxc5 d6
22. Qc4 Qb6 23. Rc1 d5 24. Qc5 Qxc5 25. Rxc5 g5 26. e3 f4 27. Nd4 fxe3 28. fxe3
Ne5 29. Rc7 Ba8 30. Re7 Rc8 31. Rd1 Ng4 32. Bh3 Nf2 33. Bxe6+ Rxe6 34. Rxe6 Nxd1
35. Nf5 Rc1 36. Re8+ Kh7 37. Kg2 Bc6 38. Re7+ Kg6 39. Nd4 Bb5 40. h4 Bd3 41.
Re6+ Kf7 42. Kf3 Be4+ 43. Ke2 Nc3+ 44. Kd2 Rd1+ 45. Kxc3 Rxd4 46. Rxa6 Rd3+ 47.
Kb2 Rxe3 48. b5 Ke7 49. Rxh6 d4 50. b6 Re2+ 51. Kb3 d3 52. b7 d2 53. Rd6 Bxb7
54. Rd4 g4 55. Kc3 Rg2 56. h5 Rxg3+ 57. Kxd2 Rg1 58. h6 g3 59. Rh4 g2 60. h7
Rd1+ 61. Kc3 g1=Q 62. h8=Q Qc5+ 0-1

[Event "Memorial Gashimov"]
[Site "Shamkir"]
[Date "04.06.2016"]
[Round "9"]
[White "Karjakin, Sergey"]
[Black "Caruana, Fabiano"]
[Result "1/2-1/2"]
[WhiteTitle "GM"]
[BlackTitle "GM"]
[WhiteElo "2779"]
[BlackElo "2804"]
[WhiteFideId "14109603"]
[BlackFideId "2020009"]
[EventDate "2016.05.26"]

1. e4 e5 2. Nf3 Nc6 3. Bb5 a6 4. Ba4 Nf6 5. O-O Nxe4 6. d4 b5 7. Bb3 d5 8. dxe5
Be6 9. Nbd2 Nc5 10. c3 Be7 11. Bc2 d4 12. Nb3 d3 13. Nxc5 dxc2 14. Qxd8+ Rxd8
15. Nxe6 fxe6 16. Be3 Rd5 17. Rfc1 Nxe5 18. Nxe5 Rxe5 19. Rxc2 Rd5 20. c4 Rd7
21. cxb5 axb5 22. a4 bxa4 23. Kf1 Kf7 24. Rxa4 Rb8 25. Rac4 c5 26. Bxc5 Bxc5 27.
Rxc5 Rd1+ 28. Ke2 Rb1 29. g3 R1xb2 30. Rxb2 Rxb2+ 31. Kf3 Rb3+ 32. Ke2 Rb2+ 33.
Kf3 Rb3+ 34. Ke2 1/2-1/2

[Event "Memorial Gashimov"]
[Site "Shamkir"]
[Date "04.06.2016"]
[Round "9"]
[White "Hou, Yifan"]
[Black "Mamedov, Rauf"]
[Result "0-1"]
[WhiteTitle "GM"]
[BlackTitle "GM"]
[WhiteElo "2663"]
[BlackElo "2655"]
[WhiteFideId "8602980"]
[BlackFideId "13401653"]
[EventDate "2016.05.26"]

1. Nf3 d5 2. c4 c6 3. g3 g6 4. Qa4 d4 5. e3 dxe3 6. dxe3 Na6 7. Nc3 Nc5 8. Qc2
Bg7 9. h3 Nf6 10. e4 O-O 11. Be3 Qa5 12. Bd2 Qb6 13. Rd1 Rd8 14. Be2 Be6 15. Kf1
h6 16. g4 Qc7 17. b4 Ncd7 18. g5 hxg5 19. Nxg5 Nf8 20. Kg2 N6h7 21. h4 a5 22. a3
axb4 23. axb4 Nxg5 24. hxg5 Qe5 25. Rc1 b5 26. Be3 Bxc4 27. Bxc4 bxc4 28. Ne2 c3
29. Nxc3 Qe6 30. Rh3 Ra3 31. Nb1 Rb3 32. Nd2 Rc3 33. Qd1 Rcd3 34. Rc2 Nh7 35.
Qh1 Nxg5 36. Bxg5 Qg4+ 37. Rg3 Rxg3+ 38. fxg3 Qxg5 39. Nf3 Qb5 40. Qe1 Qa4 41.
Rd2 Rb8 42. e5 Bh6 43. Rd4 Qc2+ 44. Qf2 Qb3 45. Qe1 Be3 46. Rh4 Ra8 47. Kh3 Qd3
48. Rg4 e6 49. Ng5 Bxg5 50. Rxg5 Qf3 51. Rg4 Kg7 52. Rh4 g5 0-1